El sueño del pescador (Record no. 171265)

MARC details
000 -LEADER
campo de control de longitud fija 00897nam a22001935i 4500
001 - NÚMERO DE CONTROL
campo de control 171265
003 - IDENTIFICADOR DE NÚMERO DE CONTROL
campo de control ES-MaACL
005 - FECHA Y HORA DE LA ÚLTIMA TRANSACCIÓN
campo de control 20251012063101.0
008 - DATOS DE LONGITUD FIJA--INFORMACIÓN GENERAL
campo de control de longitud fija 090507s1863 sp |||| | spa d
100 1# - ENTRADA PRINCIPAL--NOMBRE DE PERSONA
Nombre de persona García Santisteban, Rafael,
Fechas asociadas al nombre 1829-1893
9 (RLIN) 140041
245 13 - MENCIÓN DEL TÍTULO
Título El sueño del pescador
Resto del título : zarzuela en tres actos y en verso /
Mención de responsabilidad, etc. letra de Rafael García y Santisteban ; música de Miguel Albelda.
260 ## - PUBLICACIÓN, DISTRIBUCIÓN, ETC.
Lugar de publicación, distribución, etc. Madrid :
Nombre del editor, distribuidor, etc. [s.n.],
Fecha de publicación, distribución, etc. 1863 (
Fabricante Imp. de José Rodríguez)
300 ## - DESCRIPCIÓN FÍSICA
Extensión 106 p. ;
Dimensiones 18 cm.
500 ## - NOTA GENERAL
Nota general En port.: Estrenada en el teatro de la Zarzuela la noche del 4 de febrero de 1863.
500 ## - NOTA GENERAL
Nota general Solo la letra.
700 1# - ENTRADA AGREGADA--NOMBRE PERSONAL
Nombre de persona Albelda, Miguel.
9 (RLIN) 140051
852 ## - LOCALIZACIÓN
Ubicación ES-MaACL
Número de control de estantería F-8594(9)
Nota libre .- Enc. pasta española
condición física .- Falto de la cub. original
Nota libre .- Enc. en un vol. facticio formando parte de la col. facticia"Teatro español moderno", vol.47
Holdings
Estatus retirado Estado de pérdida Estado de daño No para préstamo Colección Biblioteca de origen Biblioteca actual Ubicación en estantería Fecha de adquisición Fuente de adquisición Total de préstamos Signatura topográfica completa Código de barras Visto por última vez Precio de reemplazo Tipo de ítem Koha
        Libros del s. XIX Biblioteca del Ateneo de Madrid Biblioteca del Ateneo de Madrid Sala Pecera Planta 2 07/05/2009     F-8594(9) 1179732 23/02/2023 23/02/2023 Libro impreso antiguo